| 000 | 01096cab a2200253 4500 | ||
|---|---|---|---|
| 001 | ABS52401 | ||
| 008 | 090401t1995 xxu||||| |||| 00| 0 eng d | ||
| 035 | _a(Sirsi) u76065 | ||
| 041 | _aeng | ||
| 100 | _aPowell-Smith, V. | ||
| 245 | _aBound but not tied | ||
| 260 | _c1995 | ||
| 350 | _a0 | ||
| 490 |
_aContract Journal _v377(6015) 9 March 1995, 12(1) |
||
| 520 | _aDiscusses "Enco Civil Engineering v Zeus International Development" where the contractor`s argument, for summary judgment in respect of money allegedly due as sums certified by the engineer under an ICE contract, was dismissed, thus demonstrating that interim payment certificates have no binding effect. | ||
| 650 | _aCONTRACT CLAIMS | ||
| 650 | _aENCO CIVIL ENGINEERING V ZEUS INTERNATIONAL DEVELOPMENT | ||
| 650 | _aBUILT ENVIRONMENT-BUILDING CONTRACT FORMS-STANDARD FORMS OF BUILDING CONTRACT-INSTITUTION OF CIVIL ENGINEERS CONTRACTS | ||
| 650 | _aINTERIM CERTIFICATES | ||
| 650 | _aINTERIM PAYMENT CERTIFICATES | ||
| 690 | _aBUILT ENVIRONMENT-BUILDING CONTRACT FORMS | ||
| 942 | _n0 | ||
| 948 | _c04/03/1997 | ||
| 999 |
_c47861 _d47861 |
||